Alle Sieger von F1-Rennen in Japan - Statistiken

Allgemein
  • Dieses Quiz wurde 209 mal gespielt
    101 seit der letzten Aktualisierung
  • Das Durchschnittsergebnis liegt bei 34 aus 39
Antwortstatistiken
Nr. Jahr Strecke Konstrukteur Nation Sieger % Korrekt
25 2007 Fuji McLaren GBR Lewis Hamilton
98%
32 2014 Suzuka Mercedes GBR Lewis Hamilton
98%
33 2015 Suzuka Mercedes GBR Lewis Hamilton
98%
35 2017 Suzuka Mercedes GBR Lewis Hamilton
98%
36 2018 Suzuka Mercedes GBR Lewis Hamilton
98%
38 2022 Suzuka Red Bull NED Max Verstappen
98%
39 2023 Suzuka Red Bull NED Max Verstappen
98%
10 1994 Aida Benetton GER Michael Schumacher
98%
12 1995 Aida Benetton GER Michael Schumacher
98%
13 1995 Suzuka Benetton GER Michael Schumacher
98%
15 1997 Suzuka Ferrari GER Michael Schumacher
98%
18 2000 Suzuka Ferrari GER Michael Schumacher
98%
19 2001 Suzuka Ferrari GER Michael Schumacher
98%
20 2002 Suzuka Ferrari GER Michael Schumacher
98%
22 2004 Suzuka Ferrari GER Michael Schumacher
98%
34 2016 Suzuka Mercedes GER Nico Rosberg
98%
27 2009 Suzuka Red Bull GER Sebastian Vettel
98%
28 2010 Suzuka Red Bull GER Sebastian Vettel
98%
30 2012 Suzuka Red Bull GER Sebastian Vettel
98%
31 2013 Suzuka Red Bull GER Sebastian Vettel
98%
4 1988 Suzuka McLaren BRA Ayrton Senna
97%
9 1993 Suzuka McLaren BRA Ayrton Senna
97%
24 2006 Suzuka Renault ESP Fernando Alonso
97%
26 2008 Fuji Renault ESP Fernando Alonso
97%
37 2019 Suzuka Mercedes FIN Valtteri Bottas
95%
23 2005 Suzuka McLaren FIN Kimi Räikkönen
94%
29 2011 Suzuka McLaren GBR Jenson Button
92%
16 1998 Suzuka McLaren FIN Mika Häkkinen
92%
17 1999 Suzuka McLaren FIN Mika Häkkinen
92%
11 1994 Suzuka Williams GBR Damon Hill
80%
14 1996 Suzuka Williams GBR Damon Hill
80%
21 2003 Suzuka Ferrari BRA Rubens Barrichello
80%
3 1987 Suzuka Ferrari AUT Gerhard Berger
73%
7 1991 Suzuka McLaren AUT Gerhard Berger
73%
6 1990 Suzuka Benetton BRA Nelson Piquet
65%
1 1976 Fuji Lotus USA Mario Andretti
59%
2 1977 Fuji McLaren GBR James Hunt
58%
8 1992 Suzuka Williams ITA Riccardo Patrese
48%
5 1989 Suzuka Benetton ITA Alessandro Nannini
18%
Keine übereinstimmenden Quizze gefunden
Verteilung der Resultate
Anzahl Personen mit jedem Resultat
Perzentil nach korrekt beantworteten Fragen
Ihre Resultats-Entwicklung
Sie haben dieses Quiz seit der letzten Aktualisierung nicht gespielt